000 00748cam a2200217 a 4500
001 4449949
005 20250715175445.0
008 950110s1995 mnu b 011 0 eng
020 _a0800625854
_qalk. paper
020 _a9780800625856
_q(alk. paper)
050 0 0 _aBS2545.S55
_bS63 1995
082 0 0 _a225.6/7
_220
245 0 4 _aThe social world of the first Christians :
_bessays in honor of Wayne A. Meeks /
_cedited by L. Michael White and O. Larry Yarbrough.
260 _aMinneapolis :
_bFortress Press,
_cc1995.
300 _axxix, 418 p. ;
_c24 cm.
650 0 _aSociology, Biblical
_xHistory
_yEarly church, ca. 30-600.
700 1 _aMeeks, Wayne A.
700 1 _aWhite, L. Michael.
700 1 _aYarbrough, O. Larry.
942 _2lcc
_cBK
_n0
999 _c6983
_d6983